000 00523nam a2200133 a 4500
008 120416s9999 ||||||||||||||||| || u
050 _aCBU-UG THESIS/CHI
100 _aChisala, Chibwe
245 1 0 _aProcess improvements for the cost reduction and elimination of waste
246 _aa case of Zambia Bottlers Limited.(Production Department)
260 _a2002
350 _a0.00
995 _D0.00
_FCBU-MAIN LIBRARY (Kitwe)
_H1
_I0.00
_UAVAILABLE
_ZUniversity Collection
999 _c54846
_d54846